000
00240nam a2200109Ia 4500
008
190216s9999||||xx |||||||||||||| ||und||
100
_a
Alexandre Dumas
245
0
_a
Black Teelp
260
_b
Dean&Son Ltd
650
_a
English
942
_c
BK
999
_c
11751
_d
11751